<?xml version="1.0" encoding="UTF-8"?><?xml-stylesheet type="text/xsl" href="static/style.xsl"?><OAI-PMH xmlns="http://www.openarchives.org/OAI/2.0/" xmlns:xsi="http://www.w3.org/2001/XMLSchema-instance" xsi:schemaLocation="http://www.openarchives.org/OAI/2.0/ http://www.openarchives.org/OAI/2.0/OAI-PMH.xsd"><responseDate>2026-04-28T02:51:29Z</responseDate><request verb="GetRecord" identifier="oai:riubu.ubu.es:10259/11129" metadataPrefix="marc">https://riubu.ubu.es/oai/request</request><GetRecord><record><header><identifier>oai:riubu.ubu.es:10259/11129</identifier><datestamp>2025-12-13T01:05:47Z</datestamp><setSpec>com_10259_6168</setSpec><setSpec>com_10259_5086</setSpec><setSpec>com_10259_2604</setSpec><setSpec>col_10259_6169</setSpec></header><metadata><record xmlns="http://www.loc.gov/MARC21/slim" xmlns:doc="http://www.lyncode.com/xoai" xmlns:xsi="http://www.w3.org/2001/XMLSchema-instance" xmlns:dcterms="http://purl.org/dc/terms/" xsi:schemaLocation="http://www.loc.gov/MARC21/slim http://www.loc.gov/standards/marcxml/schema/MARC21slim.xsd">
<leader>00925njm 22002777a 4500</leader>
<datafield tag="042" ind1=" " ind2=" ">
<subfield code="a">dc</subfield>
</datafield>
<datafield tag="720" ind1=" " ind2=" ">
<subfield code="a">Campillo Cora, Claudia</subfield>
<subfield code="e">author</subfield>
</datafield>
<datafield tag="720" ind1=" " ind2=" ">
<subfield code="a">Soto Gómez, Diego</subfield>
<subfield code="e">author</subfield>
</datafield>
<datafield tag="720" ind1=" " ind2=" ">
<subfield code="a">Arias Estévez, Manuel</subfield>
<subfield code="e">author</subfield>
</datafield>
<datafield tag="720" ind1=" " ind2=" ">
<subfield code="a">Fernández Calviño, David</subfield>
<subfield code="e">author</subfield>
</datafield>
<datafield tag="260" ind1=" " ind2=" ">
<subfield code="c">2022-09</subfield>
</datafield>
<datafield tag="520" ind1=" " ind2=" ">
<subfield code="a">The assessment of remediation on metal-polluted soils is usually focused on total and/or bioavailable metal content. However, these chemical variables do not provide direct information about reductions in heavy metals pressure on soil microorganisms. We propose the use of bacterial communities to evaluate the efficiency of three remediation techniques: crushed mussel shell (CMS) and pine bark (PB) as soil amendments and EDTA-washing. A soil sample was polluted with different doses of Cu, Ni, and Zn (separately). After 30 days of incubation, the remediation techniques were applied, and bacterial community tolerance to heavy metals determined. If bacterial communities develop tolerance, it is an indicator that the metal is exerting toxicity on them. Soil bacterial communities developed tolerance to Cu, Ni, and Zn in response to metal additions. After remediation, bacterial communities showed decreases in bacterial community tolerance to Cu, Ni, and Zn for all remediation techniques. For Cu and Ni, soil EDTA-washing showed the greatest reduction of bacterial community tolerance to Cu and Ni, respectively, while for Zn the soil amendment with PB was the most effective remediation technique. Thus, bacterial community tolerance to heavy metals successfully detect differences in the effectiveness of the three remediation techniques.</subfield>
</datafield>
<datafield tag="024" ind2=" " ind1="8">
<subfield code="a">2073-4395</subfield>
</datafield>
<datafield tag="024" ind2=" " ind1="8">
<subfield code="a">https://hdl.handle.net/10259/11129</subfield>
</datafield>
<datafield tag="024" ind2=" " ind1="8">
<subfield code="a">10.3390/agronomy12102280</subfield>
</datafield>
<datafield tag="024" ind2=" " ind1="8">
<subfield code="a">2073-4395</subfield>
</datafield>
<datafield ind1=" " ind2=" " tag="653">
<subfield code="a">Metal pollution</subfield>
</datafield>
<datafield ind1=" " ind2=" " tag="653">
<subfield code="a">Soil bioremediation</subfield>
</datafield>
<datafield ind1=" " ind2=" " tag="653">
<subfield code="a">Risk assessment</subfield>
</datafield>
<datafield ind1=" " ind2=" " tag="653">
<subfield code="a">Bacterial growth</subfield>
</datafield>
<datafield ind1=" " ind2=" " tag="653">
<subfield code="a">Pollution-Induced Community Tolerance (PICT)</subfield>
</datafield>
<datafield ind1=" " ind2=" " tag="653">
<subfield code="a">Bio-sorbents</subfield>
</datafield>
<datafield ind1=" " ind2=" " tag="653">
<subfield code="a">Soil washing</subfield>
</datafield>
<datafield tag="245" ind1="0" ind2="0">
<subfield code="a">Assessment of Polluted Soil Remediation Using Bacterial Community Tolerance to Heavy Metals as an Indicator</subfield>
</datafield>
</record></metadata></record></GetRecord></OAI-PMH>